000 01029nam a22002415i 4500
001 164329
003 ES-MaACL
005 20240523063048.0
008 990107s1793 fr |||| | fre d
040 _aCLM
_bspa
_cCLM
100 1 _aBernardin de Saint-Pierre, Henri,
_d1737-1814
_928279
245 1 0 _aVoeux d'un solitaire, avec la suite /
_cpar Jacques-Bernardin-Henri de Saint-Pierre ... ; tome dixième.
250 _aTroisième édition, revue, corrigée et augmentée.
260 _aA Paris :
_b[s.n.],
_c1793.
300 _a348 p., [1] h. de grab. ;
_c12º.
594 1 _aLa aclaración del tít. va pospuesta a la mención de ed.
594 1 _aTít. en antep.: "Oeuvres de Jacques-Bernardin-Henri de Saint-Pierre"
597 1 _aSign.: A-Z\p6\s, 2A-2F\p6\s.
599 1 _aLa h. de grab.: "Marchand F."
752 _aFrancia -
_dParís
852 _aES-MaACL
_jR-611-20
_z-- Enc. hol.
_x-- Edic.: es el T.X de "Etudes de la nature"
_x Olim: D- 4810-19
999 _c164329
_d164329